00787nam a2200205 4500001000700000003000900007005001700016007000300033008004100036100002900077245017000106250001300276260003200289300002200321700002800343700003700371852003200408999001900440952012200459113229ES-MaACL20230906185814.0t|061121s1971 sp r ||||1| spa d1 aNimkoff, Meyer F.98574610aEjercicios de Sociología b: manual adaptado a la Sociología de Ogburn y Nimkoff / cMeyer F. Nimkoff, Paul B. Foreman ; traducción de Josefina Culebras Abril. a1ª. ed. aMadrid : bAguilar, c1971. a171 p. ; c24 cm.1 aForeman, Paul B.9517211 aCulebras Abril, Josefina.942130 aES-MaACLjC-40978 bR.80250 c113229d113229 00104070aATENEOMbATENEOMcDEPO2d2008-01-17eSCl0oC-40978p1118101r2023-02-23 00:00:00w2023-02-23yMONOGRAFIA